Party wall legislation and procedure (Record no. 107713)
[ view plain ]
| 000 -LEADER | |
|---|---|
| fixed length control field | 01504cad a22002895a 4500 |
| 001 - CONTROL NUMBER | |
| control field | L141633 |
| 008 - FIXED-LENGTH DATA ELEMENTS--GENERAL INFORMATION | |
| fixed length control field | 010814s2007 xxk f 000 0 eng u |
| 020 ## - INTERNATIONAL STANDARD BOOK NUMBER | |
| International Standard Book Number | 9781842190739 |
| 035 ## - SYSTEM CONTROL NUMBER | |
| System control number | (Sirsi) u141633 |
| 041 0# - LANGUAGE CODE | |
| Language code of text/sound track or separate title | eng |
| 050 04 - LIBRARY OF CONGRESS CALL NUMBER | |
| Classification number | 692.2 $2 18 |
| 110 2# - MAIN ENTRY--CORPORATE NAME | |
| Corporate name or jurisdiction name as entry element | Royal Institution of Chartered Surveyors |
| 9 (RLIN) | 4900 |
| 245 00 - TITLE STATEMENT | |
| Title | Party wall legislation and procedure |
| Remainder of title | RICS guidance note |
| Medium | [electronic resource] |
| 250 ## - EDITION STATEMENT | |
| Edition statement | 5th rev. ed. |
| 260 ## - PUBLICATION, DISTRIBUTION, ETC. | |
| Place of publication, distribution, etc. | London |
| Name of publisher, distributor, etc. | RICS |
| Date of publication, distribution, etc. | 2007 |
| 490 #0 - SERIES STATEMENT | |
| Series statement | RICS Guidance Note |
| 520 ## - SUMMARY, ETC. | |
| Summary, etc. | Provides guidance for those working in circumstances where the Party Wall, Etc. Act 1996 applies, including the procedures to be followed. Discusses the Act itself, advising clients on the application of the Act, the service of notices, accepting appointments, powers and duties of appointed surveyors, surveyors' role in preparing primary awards, surveyors' role subsequent to publication of primary award, and challenges to surveyors' decisions. Relevant precedents and a specimen schedule of condition are also presented. Further reading. |
| 520 ## - SUMMARY, ETC. | |
| Summary, etc. | Supersedes fifth edition (ISBN 1842190733). |
| 521 2# - TARGET AUDIENCE NOTE | |
| Target audience note | Advanced |
| 590 ## - LOCAL NOTE (RLIN) | |
| Local note | KA |
| 650 24 - SUBJECT ADDED ENTRY--TOPICAL TERM | |
| Topical term or geographic name entry element | PARTY WALL ETC ACT 1996 |
| 651 #4 - SUBJECT ADDED ENTRY--GEOGRAPHIC NAME | |
| Geographic name | England and Wales |
| Chronological subdivision | 1543- |
| 690 ## - LOCAL SUBJECT ADDED ENTRY--TOPICAL TERM (OCLC, RLIN) | |
| Topical term or geographic name as entry element | PROPERTY-PROPERTY MANAGEMENT-EASEMENTS-PARTY WALL SURVEYING-PARTY WALLS |
| 856 41 - ELECTRONIC LOCATION AND ACCESS | |
| Uniform Resource Identifier | <a href="https://www.rics.org/Global/Downloads/Party_walls_G_191207.pdf">https://www.rics.org/Global/Downloads/Party_walls_G_191207.pdf</a> |
| Public note | View the guidance free of charge at www.rics.org/guidance |
| 942 ## - ADDED ENTRY ELEMENTS (KOHA) | |
| Suppress in OPAC | 0 |
| Withdrawn status | Lost status | Source of classification or shelving scheme | Damaged status | Not for loan | Home library | Current library | Shelving location | Date acquired | Total Checkouts | Full call number | Barcode | Date last seen | Copy number | Price effective from | Koha item type | Date last checked out |
|---|---|---|---|---|---|---|---|---|---|---|---|---|---|---|---|---|
| Dewey Decimal Classification | London | London | RICS Boxes | 02/06/2009 | RICS 2007/68 | 30072603 | 06/08/2019 | 1 | 06/08/2019 | Archive | ||||||
| Dewey Decimal Classification | London | London | RICS Boxes | 25/01/2008 | RICS 2007/68 | 30072607 | 06/08/2019 | 2 | 06/08/2019 | Reference material | ||||||
| Dewey Decimal Classification | London | London | RICS Boxes | 25/01/2008 | 14 | RICS 2007/68 | 30072611 | 06/08/2019 | 3 | 06/08/2019 | Book | 15/12/2009 | ||||
| Dewey Decimal Classification | Virtual | Virtual | Online | 17/12/2007 | ONLINE PUBLICATION | 141633-2001 | 06/08/2019 | 1 | 06/08/2019 | Book |